Online
Catalog

Anuario dominicano de propiedad intelectual (ANUDOPI) / (Record no. 60340)

MARC details
000 -CABECERA
campo de control de longitud fija 02079nas a2200337 i 4500
001 - NÚMERO DE CONTROL
campo de control 49682
003 - IDENTIFICADOR DEL NÚMERO DE CONTROL
campo de control DR-UNIBE
005 - FECHA Y HORA DE LA ÚLTIMA TRANSACCIÓN
campo de control 20260217130626.0
007 - CAMPO FIJO DE DESCRIPCIÓN FÍSICA--INFORMACIÓN GENERAL
campo de control de longitud fija ta
008 - DATOS DE LONGITUD FIJA--INFORMACIÓN GENERAL
campo de control de longitud fija 260217e2015 dr an|p|r||||||0| | spa d
022 ## - NÚMERO INTERNACIONAL NORMALIZADO PARA PUBLICACIONES SERIADAS
Número Internacional Normalizado para Publicaciones Seriadas 2410-3640
040 ## - FUENTE DE LA CATALOGACIÓN
Centro catalogador/agencia de origen BIBLIOTECA UNIBE
Centro/agencia transcriptor BIBLIOTECA UNIBE
041 ## - CÓDIGO DE LENGUA
Código de lengua del texto/banda sonora o título independiente spa
110 ## - ENTRADA PRINCIPAL--NOMBRE DE ENTIDAD CORPORATIVA
Nombre de entidad corporativa o nombre de jurisdicción como elemento de entrada Fundación Global Democracia y Desarrollo (FUNGLODE)
9 (RLIN) 89031
245 ## - MENCIÓN DE TÍTULO
Título Anuario dominicano de propiedad intelectual (ANUDOPI) /
Mención de responsabilidad, etc. Fundación Global Democracia y Desarrollo (FUNGLODE).
264 ## - PRODUCCIÓN, PUBLICACIÓN, DISTRIBUCIÓN, FABRICACIÓN Y COPYRIGHT
Producción, publicación, distribución, fabricación y copyright Santo Domingo, República Dominicana :
Nombre del de productor, editor, distribuidor, fabricante Fundación Global Democracia y Desarrollo (FUNGLODE),
Fecha de producción, publicación, distribución, fabricación o copyright 2015.
300 ## - DESCRIPCIÓN FÍSICA
Extensión volúmenes ;
Dimensiones 15 x 23 cm.
310 ## - PERIODICIDAD ACTUAL
Periodicidad actual Anual.
336 ## - TIPO DE CONTENIDO
Término de tipo de contenido texto
Código de tipo de contenido txt
Fuente rdacontent
337 ## - TIPO DE MEDIO
Nombre/término del tipo de medio sin mediación
Código del tipo de medio n
Fuente rdamedia
338 ## - TIPO DE SOPORTE
Nombre/término del tipo de soporte volumen
Código del tipo de soporte nc
Fuente rdacarrier
362 ## - FECHAS DE PUBLICACIÓN Y/O DESIGNACIÓN SECUENCIAL
Fecha de publicación y/o designación secuencial Número 2 (agosto 2015) - número 3 (agosto 2016) - número 4 (agosto 2017)- número 5 (octubre 2018).
500 ## - NOTA GENERAL
Nota general Catalogación basada en el Número 2 (agosto 2015).
520 ## - SUMARIO, ETC.
Sumario, etc. El Anuario Dominicano de Propiedad Intelectual es una publicación anual de la Fundación Global Democracia y Desarrollo (Funglode) especializada en temas relacionados con la propiedad intelectual. El anudopi tiene como objetivo difundir las ideas de autores nacionales e internacionales, trabajos de investigación, y el análisis de jurisprudencia para ofrecer un panorama teórico y práctico que promueva el estudio de la propiedad intelectual e industrial.<br/>Nos dirigimos a una audiencia integrada por juristas, profesionales vinculados al area legal y cualquier público con interés en estas temáticas.
650 ## - PUNTO DE ACCESO ADICIONAL DE MATERIA--TÉRMINO DE MATERIA
Término de materia o nombre geográfico como elemento de entrada Derechos de autor
Subdivisión general Legislación
Subdivisión de forma Publicaciones periódicas
9 (RLIN) 30188
Subdivisión geográfica República Dominicana
650 ## - PUNTO DE ACCESO ADICIONAL DE MATERIA--TÉRMINO DE MATERIA
Término de materia o nombre geográfico como elemento de entrada Derechos de autor
Subdivisión de forma Publicaciones periódicas
Subdivisión geográfica República Dominicana
9 (RLIN) 179227
650 ## - PUNTO DE ACCESO ADICIONAL DE MATERIA--TÉRMINO DE MATERIA
Término de materia o nombre geográfico como elemento de entrada Propiedad industrial
Subdivisión de forma Publicaciones periódicas
Subdivisión geográfica República Dominicana
9 (RLIN) 179228
650 ## - PUNTO DE ACCESO ADICIONAL DE MATERIA--TÉRMINO DE MATERIA
Término de materia o nombre geográfico como elemento de entrada Protección al diseño
9 (RLIN) 58627
Subdivisión de forma Publicaciones periódicas
Subdivisión geográfica República Dominicana
655 ## - TÉRMINO DE INDIZACIÓN--GÉNERO/FORMA
Datos o término principal de género/forma Publicaciones periódicas
9 (RLIN) 154532
942 ## - ELEMENTOS DE PUNTO DE ACCESO ADICIONAL (KOHA)
Fuente del sistema de clasificación o colocación Dewey Decimal Classification
Tipo de ítem Koha Publicación periódica
Holdings
Estado de retiro Estado de pérdida Fuente del sistema de clasificación o colocación Estado dañado Restricciones de uso No para préstamo Código de colección Localización permanente Ubicación/localización actual Fecha de adquisición Enumeración/cronología de publicación seriada Total de préstamos Código de barras Fecha visto por última vez Número de copia Precio válido a partir de Tipo de ítem Koha
    Dewey Decimal Classification   Préstamo en sala   Hemeroteca Biblioteca Nacional Pedro Henríquez Ureña Biblioteca Nacional Pedro Henríquez Ureña 17.02.2026 Número 2 (agosto 2015)   2026-1255 17.02.2026 e.1 17.02.2026 Publicación periódica
    Dewey Decimal Classification   Préstamo en sala   Hemeroteca Biblioteca Nacional Pedro Henríquez Ureña Biblioteca Nacional Pedro Henríquez Ureña 17.02.2026 Número 2 (agosto 2015)   2026-1256 17.02.2026 e.2 17.02.2026 Publicación periódica
    Dewey Decimal Classification   Préstamo en sala   Hemeroteca Biblioteca Nacional Pedro Henríquez Ureña Biblioteca Nacional Pedro Henríquez Ureña 17.02.2026 Número 3 (agosto 2016)   2026-1257 17.02.2026 e.1 17.02.2026 Publicación periódica
    Dewey Decimal Classification   Préstamo en sala   Hemeroteca Biblioteca Nacional Pedro Henríquez Ureña Biblioteca Nacional Pedro Henríquez Ureña 17.02.2026 Número 3 (agosto 2016)   2026-1258 17.02.2026 e.2 17.02.2026 Publicación periódica
    Dewey Decimal Classification   Préstamo en sala   Hemeroteca Biblioteca Nacional Pedro Henríquez Ureña Biblioteca Nacional Pedro Henríquez Ureña 17.02.2026 Número 4 (agosto 2017)   2026-1259 17.02.2026 e.1 17.02.2026 Publicación periódica
    Dewey Decimal Classification   Préstamo en sala   Hemeroteca Biblioteca Nacional Pedro Henríquez Ureña Biblioteca Nacional Pedro Henríquez Ureña 17.02.2026 Número 4 (agosto 2017)   2026-1260 17.02.2026 e.2 17.02.2026 Publicación periódica
    Dewey Decimal Classification   Préstamo en sala   Hemeroteca Biblioteca Nacional Pedro Henríquez Ureña Biblioteca Nacional Pedro Henríquez Ureña 17.02.2026 Número 5 (octubre 2018)   2026-1261 17.02.2026 e.1 17.02.2026 Publicación periódica
    Dewey Decimal Classification   Préstamo en sala   Hemeroteca Biblioteca Nacional Pedro Henríquez Ureña Biblioteca Nacional Pedro Henríquez Ureña 17.02.2026 Número 5 (octubre 2018)   2026-1262 17.02.2026 e.2 17.02.2026 Publicación periódica

Powered by Koha